| 000 | 00374nam a2200157Ia 4500 | ||
|---|---|---|---|
| 008 | 230312s9999||||xx |||||||||||||| ||und|| | ||
| 020 | _a0-13-341819-7 | ||
| 082 |
_a621.3192 _bAAR-C |
||
| 100 | _aAaron;P | ||
| 245 | 0 | _aCircuits & Fields | |
| 260 |
_bPrentice Hall _aUSA _c1995 |
||
| 300 | _a251 | ||
| 546 | _aEng. | ||
| 650 |
_aEngineering _vCircuits & Fields |
||
| 942 | _cBK | ||
| 999 |
_c7838 _d7838 |
||